|
|
|
|
| LEADER |
00846nam a2200193 a 4500 |
| 001 |
GR-Patra7057 |
| 008 |
991022s1992 gr 000 0 gre d |
| 040 |
|
|
|a GrPaTEI
|b gre
|c GR-PaULI
|
| 245 |
0 |
0 |
|a Νεόφυτος Καυσοκαλυβίτης :
|b хο иεκ Πατρών διδάσκαλος του γένους.
|
| 260 |
|
|
|a Πάτρα :
|b [χ.ο.],
|c 1992
|
| 300 |
|
|
|a 44σ.
|
| 650 |
|
4 |
|a ΒΙΟΓΡΑΦΙΕΣ
|
| 650 |
|
4 |
|a ΒΙΟΓΡΑΦΙΕΣ
|
| 650 |
|
4 |
|a ΚΑΥΣΟΚΑΛΥΒΙΤΗΣ ΝΕΟΦΥΤΟΣ
|
| 700 |
1 |
|
|a Γιαννόπουλος, Γεώργιος Θ.
|
| 942 |
|
|
|2 ddc
|
| 952 |
|
|
|0 0
|1 0
|2 ddc
|4 0
|6 928_890000000000000_ΚΑΥ
|7 0
|9 288348
|a LISK
|b LISK
|c BSC
|d 2021-01-17
|e 24
|f 0
|g 0.00
|l 0
|o 928.89 ΚΑΥ
|p 92410010461
|r 2021-01-17 00:00:00
|t 1
|w 2021-01-17
|y BK15
|x 19991024 0 1
|x GrPaTEI
|
| 971 |
|
|
|a .b2654572x
|b 16-04-20
|c 23-09-16
|
| 999 |
|
|
|c 168184
|d 168184
|